Obras de José Antonio Primo de Rivera : (Record n. 34177)

Dettagli MARC
000 -LEADER
fixed length control field 00907nam a2200241 i 4500
003 - CONTROL NUMBER IDENTIFIER
control field IT-RoINE
005 - DATE AND TIME OF LATEST TRANSACTION
control field 20241223114939.0
008 - FIXED-LENGTH DATA ELEMENTS--GENERAL INFORMATION
fixed length control field 970519s1971 sp r 001 ||spa d
040 ## - CATALOGING SOURCE
Original cataloging agency SpMaUCGH
Transcribing agency IT-RoINE
Modifying agency IT-RoINE
100 1# - MAIN ENTRY--PERSONAL NAME
Personal name Primo de Rivera, José Antonio,
Dates associated with a name 1903-1936
9 (RLIN) 15981
245 10 - TITLE STATEMENT
Title Obras de José Antonio Primo de Rivera :
Remainder of title edición cronológica /
Statement of responsibility, etc recopilación de Agustín del Río Cisneros.
250 ## - EDITION STATEMENT
Edition statement 6ª ed.
260 ## - PUBLICATION, DISTRIBUTION, ETC. (IMPRINT)
Place of publication, distribution, etc [Madrid] :
Name of publisher, distributor, etc Delegación Nacional de la Sección Femenina del Movimiento ;
Place of publication, distribution, etc [Madrid] :
Name of publisher, distributor, etc [Almena],
Date of publication, distribution, etc 1971.
300 ## - PHYSICAL DESCRIPTION
Extent XXVII, 1153 p. ;
Dimensions 18 cm.
336 ## - CONTENT TYPE
Source rdacontent
Content type term text
337 ## - MEDIA TYPE
Source rdamedia
Media type term unmediated
338 ## - CARRIER TYPE
Source rdacarrier
Carrier type term volume
500 ## - GENERAL NOTE
General note Incluye índices.
610 24 - SUBJECT ADDED ENTRY--CORPORATE NAME
Corporate name or jurisdiction name as entry element Falange Española (España)
General subdivision Fuentes
9 (RLIN) 67343
650 #4 - SUBJECT ADDED ENTRY--TOPICAL TERM
Topical term or geographic name as entry element Fascismo
Geographic subdivision España
General subdivision Fuentes
9 (RLIN) 67344
700 1# - ADDED ENTRY--PERSONAL NAME
Personal name Río Cisneros, Agustín del
9 (RLIN) 16047
942 ## - ADDED ENTRY ELEMENTS (KOHA)
Item type Monografías
Dati di copia
Withdrawn status Lost status Damaged status Not for loan Home library Current library Date acquired Total Checkouts Full call number Barcode Date last seen Price effective from Koha item type
        Iglesia Nacional Española en Roma Iglesia Nacional Española en Roma 20/05/2020   FUE.HIS 401 61880 20/05/2020 20/05/2020 Monografías